Express intelligent enterprise

Detalles Bibliográficos
Formato: Electrónico Revista
Lenguaje:inglés
Publicado: New Delhi, India : Athena Information Solutions
Materias:
Acceso en línea:Full text available from Research Library: 06/07/2009 to 03/14/2011

MARC

LEADER 00000nas a2200000 a 4500
001 ssj0000867936
003 WaSeSS
005 20200512172242.0
006 m d
007 cr n
008 120504c20uu9999ii u| p|s|||||| |0eng d
035 |a (WaSeSS)ssj0000867936 
040 |a WaSeSS  |c WaSeSS  |d WaSeSS 
050 4 |a QA76.9.T43 
245 0 0 |a Express intelligent enterprise  |h [electronic resource]. 
260 |a New Delhi, India :  |b Athena Information Solutions 
506 |a License restrictions may limit access. 
588 |a Description based on: June 7, 2009, Gale document number A211595795; title from title screen (Hospitality, Tourism & Leisure collection, April 20, 2012). 
588 |a Latest issue consulted: March 14, 2011, Gale document number A251599022 (viewed April 20, 2012). 
650 0 |a Computer technical support  |v Periodicals. 
650 0 |a Computer science  |v Periodicals. 
655 0 |a Electronic journals. 
856 4 0 |z Full text available from Research Library: 06/07/2009 to 03/14/2011  |u https://search.proquest.com/publication/55064